Loading...
| Fine Arts - Auditory | 1 | 6 | 0 | 0 | 75 | 68 | 80.14 | 2 | 7 | 22.80 | 50.00 |
| Science - Physics | 2 | 3 | 0 | 1 | 60 | 59 | 80.80 | 0 | 5 | 14.96 | 26.04 |
| Philosophy | 0 | 3 | 0 | 0 | 30 | 113 | 122.00 | 0 | 1 | 3.39 | 11.46 |
| Fine Arts - Visual | 1 | 1 | 0 | 0 | 25 | 49 | 87.50 | 1 | 1 | 6.41 | 12.50 |
| Science - Other | 1 | 1 | 0 | 0 | 25 | 55 | 59.00 | 2 | 2 | 9.26 | 16.67 |
| Fine Arts - Other | 1 | 2 | 2 | 1 | 25 | 56 | 112.67 | 1 | 1 | 4.59 | 12.50 |
| Social Science | 0 | 1 | 0 | 1 | 10 | 124 | 124.00 | 0 | 0 | 0.21 | 2.27 |
| History - Other | 0 | 1 | 0 | 0 | 10 | 92 | 92.00 | 0 | 1 | 2.45 | 6.82 |
| Literature - American | 1 | 0 | 1 | 0 | 10 | 76 | 76.00 | 1 | 1 | 4.22 | 8.33 |
| Literature - British | 0 | 1 | 0 | 0 | 10 | 82 | 82.00 | 0 | 1 | 4.01 | 7.29 |
| Literature - World | 1 | 0 | 1 | 0 | 10 | 76 | 76.00 | 0 | 0 | 3.97 | 5.21 |